Nástin filozofie specifického informačního systému firmy
Pre strategické rozhodovanie členov vrcholového vedenia je potrebné zabezpečiť zdroj získavania významných informácií. Takýmto prostriedkom môže byť tzv.: Špecifický informačný systém - Spefis. Práca s informáciami v Spefise.
Guardado en:
| Autor principal: | |
|---|---|
| Formato: | Capítulo de libro |
| Lenguaje: | checo |
| Materias: | |
| Etiquetas: |
Sin Etiquetas, Sea el primero en etiquetar este registro!
|
MARC
| LEADER | 00000naa a2200000 4500 | ||
|---|---|---|---|
| 001 | r017821 | ||
| 005 | 20221208131308.8 | ||
| 041 | 0 | |a cze | |
| 044 | |a CZ | ||
| 245 | 1 | 0 | |a Nástin filozofie specifického informačního systému firmy |c František Bartes |
| 520 | |a Pre strategické rozhodovanie členov vrcholového vedenia je potrebné zabezpečiť zdroj získavania významných informácií. Takýmto prostriedkom môže byť tzv.: Špecifický informačný systém - Spefis. Práca s informáciami v Spefise. | ||
| 610 | 2 | 0 | |a systémy informačné |
| 610 | 2 | 0 | |a firmy |
| 610 | 2 | 0 | |a informácie |
| 610 | 2 | 0 | |a riadenie vrcholové |
| 610 | 2 | 0 | |a manažéri |
| 610 | 2 | 0 | |a rozhodovanie strategické |
| 100 | 1 | |a Bartes, František | |